00498nam a2200193 a 4500001001300000003000900013005001700022008004100039020002300080082001800103100001700121245003300138260003500171300000900206500003500215505001800250650001900268700001700287nice12345678IN_TiNIC20260116014530.0110502s2010 dela grp 000 0 eng  a8178243067 c39500a954.0232bKUM aKumar, Sunil aEmergence of Delhi Sultanate aDelhi bPermanent Black c2010 a422p aincludes index and biblioraphy2 abiblio, index aDelhi Sultanat1 aKumar, Sunil